Konfliktné roviny projektu euro
Európska menová únia začne s jedenástimi krajinami. Eurozóna čo najrozsiahlejšia. Euro oslabí hegemóniu amerického dolára ako svetovej meny. Neočakáva sa však tvorba nových pracovných miest. Pakt stability a rastu. Požiadavka o odklad zavedenia eura.
Salvato in:
| Autore principale: | |
|---|---|
| Natura: | Libro |
| Lingua: | slovacco |
| Soggetti: | |
| Tags: |
Nessun Tag, puoi essere il primo ad aggiungerne!!
|
MARC
| LEADER | 00000nam a2200000 4500 | ||
|---|---|---|---|
| 001 | r030555 | ||
| 005 | 20230824094520.7 | ||
| 041 | 0 | |a slo | |
| 044 | |a SK | ||
| 245 | 1 | 0 | |a Konfliktné roviny projektu euro |c Juraj Janoška |
| 520 | |a Európska menová únia začne s jedenástimi krajinami. Eurozóna čo najrozsiahlejšia. Euro oslabí hegemóniu amerického dolára ako svetovej meny. Neočakáva sa však tvorba nových pracovných miest. Pakt stability a rastu. Požiadavka o odklad zavedenia eura. | ||
| 610 | 2 | 0 | |a euro |
| 610 | 2 | 0 | |a makroekonomika |
| 610 | 2 | 0 | |a politika hospodárska |
| 610 | 2 | 0 | |a politika fiškálna |
| 610 | 2 | 0 | |a Európska únia |
| 610 | 2 | 0 | |a Európska menová únia |
| 610 | 2 | 0 | |a Európska centrálna banka |
| 100 | 1 | |a Janoška, Juraj | |